000 00542nam a2200181 a 4500
001 BRCA_1930
005 20190320203615.0
008 000000s2000 sp-#---###---#000-0#spa-u
020 _a8449415144
050 4 _aPC4105
_b.G73 2000
245 1 0 _aGramática práctica
_bortografía, sintaxis, incorrecciones, dudas.
260 _aBarcelona
_bOceano Grupo Editorial
_c2000
300 _a458 p.
_c15 cm.
440 0 _aNuevo Equipo Didáctico Oceano
_95949
650 1 4 _aGramática
_vDiccionarios
_xEspañol
_95950
902 _aREF
942 _2lcc
_cB
999 _c1702
_d1702